01174 a2200193 45000010006000000050017000060080041000230030015000640400040000790800100001192450142002190200022003612640041003833000019004245050406004430410008008491000028008578560095008855774720260407155837.0260407a2022 arg spa dAR-UNSa-BCEJYS aAR-UNSa-BCEJYSbspacAR-UNSa-BCEJYS a174:65xEtica en gestión y organización de la industria (Responsabilidad Social Empresaria)10aLa responsabilidad social empresariapde la innovación competitiva a los objetivos del desarrollo sostenible en la creación del valor a978-987-698-412-6 1aSalta :bMundo Gráfico Saltac2022 a178 p.c22 cm. a1. De la crisis del desarrollo a la construcción de la RSE – 2. Una mirada a la responsabilidad social empresaria – 3. La RSE como inductora de valor – 4. RSE, cadena de valor y competitividad – 5. La RSE entre la sustentabilidad y los objetivos del desarrollo sostenible – 6. El proceso de gestión e implementación de la RSE – 7. Análisis empírico – 8. A modo de conclusión  aspa1 aMoreno, César Gabriel41uhttps://biblioeco.unsa.edu.ar/pmb/images/libros/L128841.jpgyImagen de portadaqimage/jpeg